إصنع بنفسك خمسين جهازاً بإستخدام خامات البيئة / (رقم التسجيلة. 20257)

تفاصيل مارك
000 -LEADER
fixed length control field 00501nam a22001697a 4500
005 - DATE AND TIME OF LATEST TRANSACTION
control field 20251108165027.0
008 - FIXED-LENGTH DATA ELEMENTS--GENERAL INFORMATION
fixed length control field 250721s1997 xx 000 0 ara d
082 14 - DEWEY DECIMAL CLASSIFICATION NUMBER
Classification number 542/شوا
100 1# - MAIN ENTRY--PERSONAL NAME
Personal name شواهين، خير
245 10 - TITLE STATEMENT
Title إصنع بنفسك خمسين جهازاً بإستخدام خامات البيئة /
264 ## - PRODUCTION, PUBLICATION, DISTRIBUTION, MANUFACTURE, AND COPYRIGHT NOTICE
Name of producer, publisher, distributor, manufacturer المؤلف،
Date of production, publication, distribution, manufacture, or copyright notice 1997.
300 ## - PHYSICAL DESCRIPTION
Extent 123ص
650 17 - SUBJECT ADDED ENTRY--TOPICAL TERM
Topical term or geographic name as entry element المختبرات
650 17 - SUBJECT ADDED ENTRY--TOPICAL TERM
Topical term or geographic name as entry element المختبرات التعليمية
942 ## - ADDED ENTRY ELEMENTS (KOHA)
Source of classification or shelving scheme Dewey Decimal Classification
Koha item type كتب
المقتنيات
حالة السحب حالة الفقدان مصدر التصنيف حالة التلف غير قابل للإعارة المكتبة الرئيسية المكتبة الحالية موقع الرف تاريخ التزويد الرقم المتسلسل Total Checkouts رقم الإستدعاء تاريخ آخر ظهور تاريخ الفاتورة نوع المادة (كوها) الباركود
    Dewey Decimal Classification Unchecked   مكتبة أبو علندا العامة مكتبة أبو علندا العامة الإعارة 06/07/2004 2088   542/شوا 28/07/2025 06/07/2004 كتب  
    Dewey Decimal Classification     مكتبة أم قصير والمقابلين العامة مكتبة أم قصير والمقابلين العامة الإعارة 23/08/2014 [ 5337 ]   542/شوا 28/07/2025 23/08/2014 كتب PLD00341389
    Dewey Decimal Classification     مكتبة الأميرة ايمان العامة مكتبة الأميرة ايمان العامة الإعارة 29/09/2013 [11116   542/شوا 28/07/2025 29/09/2013 كتب PLD00280397
    Dewey Decimal Classification Unchecked   مكتبة الاميرة بديعة مكتبة الاميرة بديعة الإعارة 06/07/2004 6856   542/شوا 28/07/2025 06/07/2004 كتب  
    Dewey Decimal Classification Unchecked   مكتبة الجويدة مكتبة الجويدة الإعارة 06/07/2004 6799   542/شوا 28/07/2025 06/07/2004 كتب  
    Dewey Decimal Classification     مكتبة الحسن العامة مكتبة الحسن العامة الإعارة 12/08/2018 011470   542/شوا 28/07/2025 12/08/2018 كتب PLD00427221
    Dewey Decimal Classification Unchecked   مكتبة حمزة العامة مكتبة حمزة العامة الإعارة 06/07/2004 6461   542/شوا 28/07/2025 06/07/2004 كتب  
    Dewey Decimal Classification     مكتبة صويلح العامة مكتبة صويلح العامة الإعارة 21/05/2019 {14050}   542/شوا 28/07/2025 21/05/2019 كتب PLD00453244
    Dewey Decimal Classification     مكتبة وادي السير العامة مكتبة وادي السير العامة الإعارة 05/04/2016 [7747]   542/شوا 28/07/2025 05/04/2016 كتب PLD00384654
Implemented & Customized by: BBB with SCIT (Smart Chains for Information Technology)

Powered by Koha